000 00310nam a22001337a 4500
020 _a0679778969
082 _a378.1662
100 _aMartz, Geoff
245 _aCracking the GMAT CAT
260 _aNew York :
_bThe Princeton Review,
_c1998.
300 _a406 p. ;
_b28 cm.
500 _aPaperback.
942 _cBK
999 _c34181
_d34181